01580nam a2200337 ia450000500170000000800410001702000370005804000250009508200140012009000180013410000260015224500560017825000410023426400360027526400110031130000570032233600210037933700250040033800230042549000230044850000470047152005110051865000310102965000330106065000470109365500160114070000340115683000220119094200110121299900190122320260628134922.0260628t20242024enka jr 000 1 eng d a9781445190778cRM45.00qhardback aPPAKbengcPPAKerda04223a428.600a428.6bGRAdK1 aGraves, Sue,eauthor.10aTIGER HAS A TANTRUM /cSUE GRAVES AND TREVOR DUNTON aThis edition first published in 2024 1aLondon :bFranklin Watts,c2024 4c©2024 a12 unnumbered pages :bcolour illustrations ;c18 cm atext2rdacontent aunmediated2rdamedia avolume2rdacarrier1 aBehaviour MATTERS! aFirst published in 2014 by Franklin Watts. aTiger is in a terrible mood. He has been angry with everyone all day. Then Monkey accidentally chooses the book that Tiger wanted and Tiger has a tantrum in the library. How can Miss Bird help Tiger to manage his anger, and how can he make up with his friends? A lively board book that examines feelings of anger in an amusing but reassuring way through animal characters - perfect for young children who are experiencing angry emotions. The story offers a gentle way in to discuss this difficult emotion. 10aReadersvJuvenile fiction.20aChildren's stories, English.20aBehavior modification vJuvenile fiction.  aBoard books1 aDunton, Trevor,eillustrator. 0aBehavior matters! 2ddccB c204701d204701